Elements of mechanics of materials (Record no. 6596)

000 -LEADER
fixed length control field 00580nam a22002051 4500
001 - CONTROL NUMBER
control field 6129579
003 - CONTROL NUMBER IDENTIFIER
control field BD-DhUET
008 - FIXED-LENGTH DATA ELEMENTS--GENERAL INFORMATION
fixed length control field 730221s1966 njua b 000 0 eng
040 ## - CATALOGING SOURCE
Original cataloging agency DLC
Transcribing agency ODaWU
Modifying agency OCoLC
-- Uk
-- BD-DhUET
050 00 - LIBRARY OF CONGRESS CALL NUMBER
Classification number TA405
Item number .O37 1966
082 ## - DEWEY DECIMAL CLASSIFICATION NUMBER
Classification number 620.11
Item number OLS/1966
100 1# - MAIN ENTRY--PERSONAL NAME
Personal name Olsen, Gerner A.
245 10 - TITLE STATEMENT
Title Elements of mechanics of materials
Statement of responsibility, etc. by Gerner A. Olsen
250 ## - EDITION STATEMENT
Edition statement 2d ed.
260 ## - PUBLICATION, DISTRIBUTION, ETC. (IMPRINT)
Place of publication, distribution, etc. New Jersey
Name of publisher, distributor, etc. Prentice-Hall
Date of publication, distribution, etc. 1966
300 ## - PHYSICAL DESCRIPTION
Extent xxii, 591 p.
Other physical details illus.
Dimensions 24 cm.
504 ## - BIBLIOGRAPHY, ETC. NOTE
Bibliography, etc includes bibliographics
650 #0 - SUBJECT ADDED ENTRY--TOPICAL TERM
Topical term or geographic name as entry element Strength of materials
942 ## - ADDED ENTRY ELEMENTS (KOHA)
Koha item type General Book
Holdings
Koha item type Not for loan Koha full call number Koha issues (times borrowed) Shelving location Withdrawn status Lost status Damaged status Koha date last borrowed Koha date last seen Sublocation or collection (holding branch) Copy number Source of classification or shelving scheme Koha normalized classification for sorting Price effective from Date acquired Location (home branch) Piece designation (barcode)
Contented Book  620.11 /OLS/1966 Circulation section    2014-12-04Central Library, BUET28 620_110000000000000_OLS_19662014-12-042014-12-04Central Library, BUET29221
Contented Book  620.11 /OLS/19661Circulation section   2018-11-202018-12-04Central Library, BUET23 620_110000000000000_OLS_19662014-12-042014-12-04Central Library, BUET29216
Contented Book  620.11/OLS/19661Circulation section   2022-08-292022-10-01Central Library, BUET13 620_110000000000000_OLS_19662014-12-042014-12-04Central Library, BUET29206
Contented Book  620.11/OLS/1966 Circulation section    2014-12-04Central Library, BUET4 620_110000000000000_OLS_19662014-12-042014-12-04Central Library, BUET19846
Contented Book  620.11/OLS/19661Circulation section   2022-06-202022-07-23Central Library, BUET1 620_110000000000000_OLS_19662014-12-042014-12-04Central Library, BUET52406
Reading Item 620.11/OLS/1966 Reading section    2015-06-16Central Library, BUET6 620_110000000000000_OLS_19662015-06-162015-06-16Central Library, BUET13917
Reading Item 620.11/OLS/1966 Reading section    2015-06-29Central Library, BUET8 620_110000000000000_OLS_19662015-06-292015-06-29Central Library, BUET29227